| Registos Bibliográficos associados ao registo de autoridade |
|
Etiqueta de registo: 00000nam 2200025 450 001 1919637 003 http://id.bnportugal.gov.pt/bib/catbnp/1919637 100 ## $a20160113d2015 k y0pory01030103ba 101 0# $aeng$dpor 102 ## $aPT 105 ## $aa m 000yy 106 ## $ar 200 1# $aAscl 1 and MyT 1 transcriptional networks in vertebrate neurogenesis$fFrancisca Ferreira de Vasconcelos$gorient. Diogo S. Castro 210 #9 $aOeiras$c[s.n],$d2015 215 ## $a284 p.$cil.$d26 cm 320 ## $aContém bibliografia 328 #1 $aTese dout. Developmental Biology, Inst. de Tecnologia Química e Biológica António
Xavier, Univ. Nova de Lisboa, 2015 675 ## $a577.2(043)$vBN$zpor$3342688 700 #1 $aVasconcelos,$bFrancisca Ferreira de$31632129 702 #1 $aCastro,$bDiogo S.$4727$31632120 801 #0 $aPT$bBN$gRPC 966 ## $lBN$mFGMON$sS.A. 160497 V.$x1
|
|
|